[Event "CYCC U12"]
[Site "Sault Ste Marie CAN"]
[Date "2017.07.07"]
[Round "4.57"]
[White "Zhao, Jeffrey Renfei"]
[Black "Issani, Nameer"]
[Result "1-0"]
[WhiteElo "1525"]
[BlackElo "2157"]
[WhiteFideId "-1"]
[WhiteFideId "-1"]
[PlyCount "33"]
[GameId "2160767908410345"]
[EventDate "2017.07.06"]
[EventType "swiss"]
[EventRounds "7"]
[EventCountry "CAN"]
[SourceTitle "hb 2017"]

1. e4 e5 2. Nf3 Nc6 3. Bc4 Bc5 4. O-O Nf6 5. d4 Bxd4 6. Nxd4 Nxd4 7. Bg5 h6 8. Bh4 g5 9. f4 gxf4 10. Rxf4 exf4 11. Qxd4 c5 12. Qc3 O-O 13. Bxf6 Qb6 14. Qe5 d5 15. Qxf4 Qe6 16. Qxh6 Qg4 17. Qh8# 1-0

[Event "CYCC U12"]
[Site "Sault Ste Marie CAN"]
[Date "2017.07.07"]
[Round "4.58"]
[White "Tanaka, Tyler"]
[Black "Joseph Benher, Savio"]
[Result "1-0"]
[WhiteElo "2085"]
[BlackElo "1344"]
[WhiteFideId "-1"]
[WhiteFideId "-1"]
[PlyCount "85"]
[GameId "2160767908410346"]
[EventDate "2017.07.06"]
[EventType "swiss"]
[EventRounds "7"]
[EventCountry "CAN"]
[SourceTitle "EXT 2022"]
[Source "ChessBase"]
[SourceDate "2021.10.06"]
[SourceVersion "1"]
[SourceVersionDate "2021.10.06"]
[SourceQuality "1"]

1. e4 e6 2. d4 d5 3. e5 c5 4. c3 Nc6 5. Nf3 f6 6. exf6 Nxf6 7. Bd3 Bd6 8. O-O O-O 9. Re1 Bd7 10. Bg5 cxd4 11. cxd4 Qc7 12. Nc3 a6 13. Rc1 Rac8 14. Na4 Qa5 15. Nc3 h6 16. Bh4 Nb4 17. Bb1 Bf4 18. a3 Nc6 19. Rc2 Rce8 20. Rce2 Qc7 21. Qd3 Bc8 22. Bxf6 gxf6 23. Nxd5 Bxh2+ 24. Nxh2 Qg7 25. Nb6 f5 26. d5 Nd4 27. Rd2 Nb5 28. Nxc8 Rxc8 29. dxe6 Qe7 30. Qd7 Qxd7 31. exd7 Rcd8 32. Nf3 Nc7 33. Nh4 h5 34. Nxf5 b6 35. Re7 Rf6 36. Rc2 Rxf5 37. Rxc7 Rff8 38. Rc6 a5 39. Ba2+ Rf7 40. Bxf7+ Kh8 41. Re8+ Rxe8 42. dxe8=Q+ Kh7 43. Qg8# 1-0

[Event "CYCC U12"]
[Site "Sault Ste Marie CAN"]
[Date "2017.07.07"]
[Round "4.59"]
[White "Vo, Andy"]
[Black "Liu, Harry"]
[Result "0-1"]
[WhiteElo "1512"]
[BlackElo "1734"]
[WhiteFideId "-1"]
[WhiteFideId "-1"]
[PlyCount "150"]
[GameId "2160767908410347"]
[EventDate "2017.07.06"]
[EventType "swiss"]
[EventRounds "7"]
[EventCountry "CAN"]
[SourceTitle "hb 2017"]

1. e4 c5 2. Nf3 d6 3. d4 cxd4 4. Nxd4 Nf6 5. Nc3 g6 6. Be3 Bg7 7. f3 Nc6 8. Qd2 O-O 9. g4 Nxd4 10. Bxd4 Be6 11. O-O-O Qa5 12. Kb1 Rac8 13. Nd5 Qxd2 14. Nxe7+ Kh8 15. Rxd2 Rce8 16. Nd5 Nxd5 17. Bxg7+ Kxg7 18. exd5 Bxg4 19. Bb5 Bxf3 20. Rf1 Re3 21. a3 Bg4 22. Bd3 Rfe8 23. Rf4 Be2 24. Bxe2 Rxe2 25. Rfd4 Rxd2 26. Rxd2 f5 27. c4 b6 28. Kc2 Kf6 29. Kd3 g5 30. b4 Re5 31. Kd4 Re4+ 32. Kc3 Ke5 33. Rg2 h6 34. Rf2 Re3+ 35. Kd2 f4 36. Rf1 Kd4 37. Rc1 Rxa3 38. c5 Rd3+ 39. Ke2 Re3+ 40. Kf2 bxc5 41. bxc5 Kxd5 42. c6 Re8 43. Ra1 Kxc6 44. Rxa7 Re6 45. Ra1 h5 46. Rd1 d5 47. Rc1+ Kd6 48. Rd1 Re4 49. Kf3 Re3+ 50. Kf2 Ke5 51. Ra1 Kf5 52. Ra8 Kg4 53. Rd8 Re5 54. Rh8 h4 55. Ra8 d4 56. Rd8 Re4 57. Rd5 f3 58. h3+ Kf4 59. Rd8 Re2+ 60. Kf1 Kg3 61. Rxd4 Kxh3 62. Rd3 Kg3 63. Ra3 h3 64. Rb3 h2 65. Rxf3+ Kg4 66. Kxe2 h1=Q 67. Rf1 Qe4+ 68. Kf2 Kh3 69. Rg1 Qd4+ 70. Kf1 Qxg1+ 71. Kxg1 Kg3 72. Kh1 Kh3 73. Kg1 g4 74. Kh1 g3 75. Kg1 g2 0-1

[Event "CYCC U12"]
[Site "Sault Ste Marie CAN"]
[Date "2017.07.07"]
[Round "4.60"]
[White "Wu, Tony (Dongze)"]
[Black "Yang, Henry"]
[Result "1-0"]
[WhiteElo "1734"]
[BlackElo "1318"]
[WhiteFideId "-1"]
[WhiteFideId "-1"]
[PlyCount "143"]
[GameId "2160767908410348"]
[EventDate "2017.07.06"]
[EventType "swiss"]
[EventRounds "7"]
[EventCountry "CAN"]

1. d4 d5 2. Nf3 Nf6 3. g3 Bf5 4. Bg2 e6 5. O-O Bd6 6. c4 O-O 7. Nc3 c6 8. Nd2 Nbd7 9. e4 dxe4 10. Ndxe4 Nxe4 11. Nxe4 Bxe4 12. Bxe4 Rc8 13. Be3 Nf6 14. Bf3 h6 15. Qb3 Qc7 16. Rac1 Rfd8 17. Rfd1 Qb8 18. c5 Bc7 19. Qa3 Nd5 20. Bxd5 Rxd5 21. f4 Rcd8 22. Re1 R5d7 23. b4 Re7 24. Qb3 a6 25. a4 Ree8 26. b5 Rc8 27. Rb1 Ba5 28. Re2 Bc7 29. Bd2 Rf8 30. Bc3 Rfe8 31. Qb2 f6 32. Qa2 cxb5 33. axb5 axb5 34. Rxe6 Kh7 35. f5 Bxg3 36. Qg2 Bh4 37. Rxb5 Qf4 38. Qg6+ Kg8 39. Rxe8+ Rxe8 40. Qxe8+ Kh7 41. Qg6+ Kg8 42. Rb2 Qe3+ 43. Kh1 Qxc3 44. Re2 Qf3+ 45. Rg2 Bg5 46. Qe8+ Kh7 47. Qe2 Qxf5 48. Qc2 Kg6 49. d5 Qxc2 50. Rxc2 Kf5 51. c6 bxc6 52. dxc6 Bf4 53. Rf2 Ke4 54. Rxf4+ Kxf4 55. c7 g5 56. c8=Q h5 57. Kg2 f5 58. h4 gxh4 59. Kh3 Ke4 60. Qc4+ Ke3 61. Kxh4 f4 62. Qf1 f3 63. Kxh5 f2 64. Kg4 Ke4 65. Qxf2 Kd5 66. Kf5 Kc6 67. Ke6 Kb7 68. Qc2 Ka8 69. Qb3 Ka7 70. Kd6 Ka8 71. Kc7 Ka7 72. Qa3# 1-0

[Event "CYCC U12"]
[Site "Sault Ste Marie CAN"]
[Date "2017.07.07"]
[Round "4.61"]
[White "Butchart, Kevin"]
[Black "Bui, Alan"]
[Result "0-1"]
[WhiteElo "1363"]
[BlackElo "1716"]
[WhiteFideId "-1"]
[WhiteFideId "-1"]
[PlyCount "116"]
[GameId "2160767908410349"]
[EventDate "2017.07.06"]
[EventType "swiss"]
[EventRounds "7"]
[EventCountry "CAN"]
[SourceTitle "EXT 2022"]
[Source "ChessBase"]
[SourceDate "2021.10.06"]
[SourceVersion "1"]
[SourceVersionDate "2021.10.06"]
[SourceQuality "1"]

1. e4 e5 2. Nf3 Nc6 3. Bc4 Nf6 4. d3 Bc5 5. c3 O-O 6. Bb3 d5 7. Nbd2 dxe4 8. Nxe4 Nxe4 9. dxe4 Qxd1+ 10. Bxd1 Be6 11. O-O f6 12. b4 Be7 13. Bb3 Bxb3 14. axb3 a6 15. Be3 Rfd8 16. Rfd1 b6 17. Rxd8+ Rxd8 18. h3 a5 19. bxa5 Nxa5 20. Rb1 c5 21. b4 Nc4 22. bxc5 Nxe3 23. cxb6 Nc4 24. b7 Rb8 25. Ne1 Nd6 26. f3 Rxb7 27. Rc1 Rc7 28. Nd3 Nb5 29. c4 Nd4 30. Kh1 Nb3 31. Rc3 Na5 32. Nb2 Bb4 33. Rc2 Ba3 34. Na4 Rxc4 35. Rxc4 Nxc4 36. Nc3 Kf7 37. Nd5 Bc5 38. Nc7 g6 39. Nd5 Bd6 40. Kg1 Ke6 41. Kf2 f5 42. Nc3 f4 43. Nd5 Bc5+ 44. Ke2 Ne3 45. Nxe3 Bxe3 46. g3 g5 47. g4 Kd6 48. Kd3 Kc5 49. Kc3 Bf2 50. Kd3 Kb4 51. Ke2 Be3 52. Kd3 Kb3 53. Ke2 Kc2 54. Ke1 Kd3 55. h4 gxh4 56. g5 h3 57. g6 h2 58. gxh7 h1=R# 0-1

[Event "CYCC U12"]
[Site "Sault Ste Marie CAN"]
[Date "2017.07.07"]
[Round "4.62"]
[White "Zhao, Jonathan"]
[Black "Ran, Charles"]
[Result "1-0"]
[WhiteElo "1692"]
[BlackElo "1300"]
[WhiteFideId "-1"]
[WhiteFideId "-1"]
[PlyCount "89"]
[GameId "2160767908410350"]
[EventDate "2017.07.06"]
[EventType "swiss"]
[EventRounds "7"]
[EventCountry "CAN"]
[SourceTitle "hb 2017"]

1. d4 d5 2. Nf3 Bg4 3. c4 e6 4. Qb3 b6 5. Ne5 Nf6 6. e3 Be7 7. Qa4+ Nbd7 8. cxd5 O-O 9. Nxg4 Nxg4 10. h3 Ngf6 11. dxe6 fxe6 12. Bc4 Nb8 13. Bxe6+ Kh8 14. O-O Qd6 15. Bc4 c6 16. Qc2 b5 17. Bd3 Nbd7 18. Nd2 Bd8 19. Ne4 Qc7 20. Ng5 Qd6 21. Nxh7 Bc7 22. f4 Nxh7 23. Bxh7 Qh6 24. Bf5 Nb6 25. Be4 Rf6 26. Bd2 g5 27. d5 Rf7 28. Bc3+ Kg8 29. Be5 Bxe5 30. fxe5 Rxf1+ 31. Rxf1 cxd5 32. Bf5 g4 33. Qf2 Nc4 34. Bxg4 Nxe5 35. Qf4 Qd6 36. Qg5+ Kh7 37. Rf6 Qxf6 38. Qxf6 Nxg4 39. Qf7+ Kh6 40. hxg4 a5 41. Qf6+ Kh7 42. g5 d4 43. Qf7+ Kh8 44. g6 Ra7 45. Qf8# 1-0

[Event "CYCC U12"]
[Site "Sault Ste Marie CAN"]
[Date "2017.07.07"]
[Round "4.63"]
[White "Lu, Lucas Yunkun"]
[Black "Craciun, David"]
[Result "0-1"]
[WhiteElo "1299"]
[BlackElo "1617"]
[WhiteFideId "-1"]
[WhiteFideId "-1"]
[PlyCount "40"]
[GameId "2160767908410352"]
[EventDate "2017.07.06"]
[EventType "swiss"]
[EventRounds "7"]
[EventCountry "CAN"]
[SourceTitle "hb 2017"]

1. e4 e5 2. Nf3 Nc6 3. Bb5 a6 4. Bxc6 dxc6 5. O-O Bg4 6. d3 Qf6 7. Nbd2 Bc5 8. c3 Ne7 9. b4 Ba7 10. Bb2 Ng6 11. d4 h5 12. Qc2 O-O-O 13. a4 Rde8 14. b5 a5 15. dxe5 Nxe5 16. Nxe5 Qxe5 17. Nc4 Qg5 18. Qd3 Rd8 19. Qc2 Bf3 20. g3 h4 0-1

[Event "CYCC U12"]
[Site "Sault Ste Marie CAN"]
[Date "2017.07.07"]
[Round "4.64"]
[White "Gao, Raymond"]
[Black "Xiang, Christopher"]
[Result "0-1"]
[WhiteElo "1537"]
[BlackElo "1271"]
[WhiteFideId "-1"]
[WhiteFideId "-1"]
[PlyCount "142"]
[GameId "2160767908410353"]
[EventDate "2017.07.06"]
[EventType "swiss"]
[EventRounds "7"]
[EventCountry "CAN"]
[SourceTitle "hb 2017"]

1. e4 c5 2. c3 Nf6 3. e5 Nd5 4. d4 cxd4 5. cxd4 d6 6. Nf3 g6 7. Bc4 Nb6 8. Bb3 Bg7 9. O-O O-O 10. Nc3 Nc6 11. Bf4 Bg4 12. h3 Bxf3 13. Qxf3 Nxd4 14. Qxb7 dxe5 15. Bg5 Re8 16. Rfd1 Qd7 17. Qe4 Qf5 18. Qxf5 Nxf5 19. Nd5 Nxd5 20. Rxd5 Red8 21. Rad1 Rxd5 22. Rxd5 h6 23. Be3 Nd4 24. Bc4 Rc8 25. b3 e6 26. Rd7 Ra8 27. f4 Nc6 28. fxe5 Bxe5 29. Bb5 Nb4 30. a4 a6 31. Bc4 g5 32. Ra7 Rxa7 33. Bxa7 Kg7 34. Bc5 a5 35. Bxb4 axb4 36. a5 Kg6 37. Kf2 Kf5 38. Be2 Bb8 39. Ke3 Ke5 40. Kd3 Kf4 41. Kc4 Kg3 42. Bf3 f5 43. a6 e5 44. Kxb4 e4 45. Bd1 Kxg2 46. Kb5 Ba7 47. Kc6 f4 48. b4 f3 49. b5 f2 50. Be2 f1=Q 51. Bxf1+ Kxf1 52. b6 Bxb6 53. Kxb6 e3 54. a7 e2 55. a8=Q e1=Q 56. Qh1+ Ke2 57. Qe4+ Kf2 58. Qc2+ Qe2 59. Qf5+ Kg2 60. Kc5 Qf2+ 61. Qxf2+ Kxf2 62. Kd5 Kg3 63. Ke4 Kxh3 64. Kf3 g4+ 65. Kf2 g3+ 66. Kg1 h5 67. Kf1 g2+ 68. Kf2 Kh2 69. Kf3 g1=Q 70. Kf4 Qg2 71. Ke5 Kg3 0-1

[Event "CYCC U12"]
[Site "Sault Ste Marie CAN"]
[Date "2017.07.07"]
[Round "4.65"]
[White "Chakkoli, Anirud"]
[Black "Stopic, Alexander"]
[Result "1-0"]
[WhiteElo "1174"]
[BlackElo "1502"]
[WhiteFideId "-1"]
[WhiteFideId "-1"]
[PlyCount "77"]
[GameId "2160767908410354"]
[EventDate "2017.07.06"]
[EventType "swiss"]
[EventRounds "7"]
[EventCountry "CAN"]
[SourceTitle "hb 2017"]

1. e4 e5 2. Nf3 Nc6 3. d4 exd4 4. Bc4 Nf6 5. c3 dxc3 6. Nxc3 Bb4 7. Qe2 Qe7 8. O-O d6 9. Nd5 Nxd5 10. Bxd5 O-O 11. Bg5 Qe8 12. a3 Bc5 13. Rfe1 Nd4 14. Nxd4 Bxd4 15. Rad1 Qe5 16. Bh4 c6 17. Ba2 Re8 18. Kh1 d5 19. Qd2 Qh5 20. Bg3 Bf6 21. exd5 Bd7 22. Qb4 Rxe1+ 23. Rxe1 cxd5 24. Qxb7 Rd8 25. Qxd7 h6 26. Re8+ Rxe8 27. Qxe8+ Kh7 28. Bb1+ g6 29. Qxf7+ Kh8 30. Qxf6+ Kh7 31. f3 Qg5 32. Qf7+ Kh8 33. Qe8+ Kh7 34. Qd7+ Kg8 35. Qc8+ Kg7 36. Bd6 d4 37. Bf8+ Kf7 38. Ba2+ Kf6 39. Qe6# 1-0

[Event "CYCC U12"]
[Site "Sault Ste Marie CAN"]
[Date "2017.07.07"]
[Round "4.66"]
[White "Shi, Kevin"]
[Black "Feng, Richard2"]
[Result "1/2-1/2"]
[WhiteElo "799"]
[BlackElo "1164"]
[WhiteFideId "-1"]
[WhiteFideId "-1"]
[PlyCount "40"]
[GameId "2160767908410355"]
[EventDate "2017.07.06"]
[EventType "swiss"]
[EventRounds "7"]
[EventCountry "CAN"]
[SourceTitle "hb 2017"]

1. e4 c5 2. Nf3 d6 3. Nc3 Nf6 4. Bc4 Bg4 5. h3 Bh5 6. Be2 e6 7. d4 Bxf3 8. Bxf3 cxd4 9. Qxd4 Be7 10. e5 Nc6 11. Bxc6+ bxc6 12. exf6 Bxf6 13. Qd3 O-O 14. O-O d5 15. Qg3 Kh8 16. Bf4 Be7 17. Rfe1 Qd7 18. Rad1 Rfe8 19. Rd3 f6 20. Qg4 Bc5 1/2-1/2

[Event "CYCC U12"]
[Site "Sault Ste Marie CAN"]
[Date "2017.07.07"]
[Round "4.67"]
[White "Guo, Roger"]
[Black "Yim, Justin"]
[Result "1-0"]
[WhiteElo "1230"]
[BlackElo "748"]
[WhiteFideId "-1"]
[WhiteFideId "-1"]
[PlyCount "113"]
[GameId "2160767908410356"]
[EventDate "2017.07.06"]
[EventType "swiss"]
[EventRounds "7"]
[EventCountry "CAN"]
[SourceTitle "hb 2017"]

1. d4 d5 2. Nf3 Nc6 3. Nbd2 Bf5 4. a3 Nf6 5. e3 e6 6. Bd3 Bxd3 7. cxd3 Be7 8. e4 dxe4 9. dxe4 Nxd4 10. Qa4+ Nc6 11. O-O O-O 12. e5 Nd7 13. Nc4 a6 14. Qc2 b5 15. Nb6 Nxb6 16. Qxc6 Qd5 17. Qxc7 Qd8 18. Qc2 Rc8 19. Qb3 Qd5 20. Qe3 Nc4 21. Qa7 Rfe8 22. Bg5 Bxg5 23. Nxg5 Nxe5 24. f4 Qd7 25. Qxa6 Ng6 26. Qb6 Red8 27. Kh1 Nxf4 28. Rxf4 Qd1+ 29. Rxd1 Rxd1+ 30. Qg1 Rcc1 31. Nf3 g5 32. Rg4 f6 33. Qxd1 Rxd1+ 34. Ng1 f5 35. Rxg5+ Kf7 36. Rg3 e5 37. h3 f4 38. Rf3 e4 39. Rxf4+ Kg6 40. Rxe4 h5 41. Kh2 Kg5 42. Nf3+ Kf5 43. Re5+ Kf4 44. Rxb5 h4 45. b4 Rd3 46. a4 Rxf3 47. gxf3 Kxf3 48. a5 Kf2 49. a6 Kf3 50. a7 Ke4 51. a8=Q+ Kd4 52. Qf3 Kc4 53. Qd5+ Kc3 54. Rc5+ Kb2 55. Qd2+ Kb3 56. Qc3+ Ka4 57. Ra5# 1-0

[Event "CYCC U12"]
[Site "Sault Ste Marie CAN"]
[Date "2017.07.07"]
[Round "4.68"]
[White "Mukherjee, Pranoy"]
[Black "Joseph, Clarin X"]
[Result "1-0"]
[WhiteElo "1048"]
[BlackElo "711"]
[WhiteFideId "-1"]
[WhiteFideId "-1"]
[PlyCount "129"]
[GameId "2160767908410357"]
[EventDate "2017.07.06"]
[EventType "swiss"]
[EventRounds "7"]
[EventCountry "CAN"]
[SourceTitle "hb 2017"]

1. d4 d5 2. c4 c6 3. cxd5 cxd5 4. Nc3 Nf6 5. Nf3 Nc6 6. Bg5 h6 7. Bxf6 exf6 8. e3 Bf5 9. Qb3 Be6 10. Qxb7 Na5 11. Bb5+ Bd7 12. Bxd7+ Qxd7 13. Qxa8+ Qd8 14. Qxd8+ Kxd8 15. Nxd5 Nc4 16. b3 Nb2 17. O-O Bd6 18. Rab1 Nd3 19. Rfd1 Nb4 20. Nxb4 Bxb4 21. d5 Re8 22. d6 Kd7 23. Rd3 Rc8 24. Rbd1 Rc6 25. Nh4 g6 26. f4 f5 27. Rd4 Bc5 28. R4d3 a5 29. Rc1 Bxe3+ 30. Rxe3 Rxc1+ 31. Kf2 Kxd6 32. Re5 Rc2+ 33. Re2 Rc5 34. Rd2+ Ke6 35. Nf3 Kf6 36. Kg3 g5 37. fxg5+ hxg5 38. h3 Rc3 39. Kh2 Rc8 40. Rd5 Ra8 41. Nd4 f4 42. Nc6 a4 43. bxa4 Rxa4 44. Ra5 Rc4 45. Ra6 Kf5 46. a4 Ke4 47. a5 Kd5 48. Ne7+ Kc5 49. Rc6+ Kb5 50. Rxc4 Kxc4 51. a6 f3 52. gxf3 g4 53. fxg4 f5 54. gxf5 Kb5 55. f6 Kxa6 56. f7 Kb5 57. f8=Q Kc4 58. h4 Kd4 59. h5 Ke5 60. h6 Ke6 61. h7 Ke5 62. h8=Q+ Ke4 63. Nd5 Kd3 64. Qb4 Ke2 65. Qhb2+ 1-0

[Event "CYCC U12"]
[Site "Sault Ste Marie CAN"]
[Date "2017.07.07"]
[Round "4.69"]
[White "Sotnikov, Alexander2"]
[Black "Gaisinsky, Jacob"]
[Result "0-1"]
[WhiteElo "651"]
[BlackElo "943"]
[WhiteFideId "-1"]
[WhiteFideId "-1"]
[PlyCount "68"]
[GameId "2160767908410358"]
[EventDate "2017.07.06"]
[EventType "swiss"]
[EventRounds "7"]
[EventCountry "CAN"]
[SourceTitle "EXT 2022"]
[Source "ChessBase"]
[SourceDate "2021.10.06"]
[SourceVersion "1"]
[SourceVersionDate "2021.10.06"]
[SourceQuality "1"]

1. d4 Nf6 2. Bf4 e6 3. e3 Be7 4. Bd3 O-O 5. Ne2 b6 6. c3 Bb7 7. O-O d6 8. Qc2 a6 9. Nd2 Nbd7 10. Ne4 Nh5 11. Nd2 f5 12. h3 Rf6 13. Bh2 Rg6 14. Nf4 Nxf4 15. Bxf4 Rxg2+ 16. Kh1 Rxf2+ 17. Kg1 Rg2+ 18. Kh1 Rxd2+ 19. Kg1 Rg2+ 20. Kh1 Rxc2+ 21. Kg1 Rg2+ 22. Kh1 Rd2+ 23. Kg1 Rxd3 24. Kh2 Rd2+ 25. Kg1 Rxb2 26. Rf2 Rxf2 27. Kxf2 e5 28. dxe5 dxe5 29. Bg3 Bh4 30. Rd1 Bxg3+ 31. Kxg3 Qg5+ 32. Kf2 Qg2+ 33. Ke1 Bf3 34. Rd2 Qg1# 0-1

[Event "CYCC U12"]
[Site "Sault Ste Marie CAN"]
[Date "2017.07.07"]
[Round "4.70"]
[White "Greco, Justin"]
[Black "Eirew, David"]
[Result "1-0"]
[WhiteElo "918"]
[BlackElo "678"]
[WhiteFideId "-1"]
[WhiteFideId "-1"]
[PlyCount "123"]
[GameId "2160767908410359"]
[EventDate "2017.07.06"]
[EventType "swiss"]
[EventRounds "7"]
[EventCountry "CAN"]
[SourceTitle "EXT 2022"]
[Source "ChessBase"]
[SourceDate "2021.10.06"]
[SourceVersion "1"]
[SourceVersionDate "2021.10.06"]
[SourceQuality "1"]

1. e4 e5 2. Nf3 Nc6 3. Nc3 Nf6 4. Bc4 d6 5. Ng5 Qe7 6. d3 h6 7. Nxf7 Kd7 8. Nxh8 Qe8 9. Bd5 Nxd5 10. Nxd5 Be7 11. Qg4+ Kd8 12. Nf7+ Qxf7 13. Qg3 Nd4 14. Nb4 d5 15. O-O Ne2+ 16. Kh1 Nxg3+ 17. hxg3 Bxb4 18. c3 Bc5 19. Be3 Bxe3 20. fxe3 Qh5+ 21. Kg1 c6 22. Rf8+ Kc7 23. Raf1 Bh3 24. Rxa8 Bxg2 25. Kxg2 Qe2+ 26. Rf2 Qxe3 27. exd5 Qxd3 28. dxc6 Qd5+ 29. Kg1 Qd1+ 30. Rf1 Qg4 31. Kg2 Qe2+ 32. Rf2 Qe4+ 33. Kg1 Qe1+ 34. Kg2 Qe4+ 35. Kf1 Qh1+ 36. Ke2 Qe4+ 37. Kd1 Qd3+ 38. Ke1 Qb1+ 39. Kd2 Qxb2+ 40. Ke3 Qxc3+ 41. Ke2 Qc2+ 42. Kf1 Qc1+ 43. Kg2 Qxc6+ 44. Kh2 e4 45. Raf8 Qd5 46. Rc2+ Kb6 47. Rb2+ Ka6 48. Rc2 Qh5+ 49. Kg2 Qd5 50. Rff2 e3+ 51. Rf3 Qe4 52. Re2 Kb5 53. Rexe3 Qc2+ 54. Rf2 Qc6+ 55. Ref3 g5 56. Rb2+ Ka6 57. Kf2 Qc5+ 58. Re3 Qf5+ 59. Kg2 Qd5+ 60. Kh2 Qd4 61. Ra3+ Qa4 62. Rxa4# 1-0

[Event "CYCC U12"]
[Site "Sault Ste Marie CAN"]
[Date "2017.07.08"]
[Round "5.54"]
[White "Huang, Patrick"]
[Black "Rusonik, Max"]
[Result "1-0"]
[WhiteElo "2003"]
[BlackElo "1846"]
[WhiteFideId "-1"]
[WhiteFideId "-1"]
[PlyCount "83"]
[GameId "2160767908410365"]
[EventDate "2017.07.06"]
[EventType "swiss"]
[EventRounds "7"]
[EventCountry "CAN"]
[SourceTitle "EXT 2022"]
[Source "ChessBase"]
[SourceDate "2021.10.06"]
[SourceVersion "1"]
[SourceVersionDate "2021.10.06"]
[SourceQuality "1"]

1. e4 e5 2. d4 exd4 3. Nf3 Nc6 4. Bc4 Nf6 5. O-O Nxe4 6. Re1 d5 7. Bxd5 Qxd5 8. Nc3 Qa5 9. Nxe4 Be6 10. Neg5 O-O-O 11. Nxe6 fxe6 12. Rxe6 Be7 13. Qe2 Bf6 14. Bd2 Qh5 15. Re1 d3 16. cxd3 Qd5 17. b4 Qxd3 18. b5 Qxe2 19. R6xe2 Nd4 20. Nxd4 Bxd4 21. Bf4 Rhf8 22. g3 Rf7 23. Bg5 Bf6 24. Bxf6 Rxf6 25. Re7 Rd7 26. f4 a6 27. a4 axb5 28. axb5 Rb6 29. Re8+ Rd8 30. R8e7 Rd7 31. Re8+ Rd8 32. R8e7 Rd7 33. R7e5 Rd2 34. f5 g6 35. g4 gxf5 36. gxf5 Rh6 37. Re7 Rhxh2 38. Rg7 Rhe2 39. Rxe2 Rxe2 40. f6 Kd8 41. Rg8+ Re8 42. f7 1-0

[Event "CYCC U12"]
[Site "Sault Ste Marie CAN"]
[Date "2017.07.08"]
[Round "5.56"]
[White "Kang, Dorian"]
[Black "Zhao, Ian"]
[Result "0-1"]
[WhiteElo "2026"]
[BlackElo "1930"]
[WhiteFideId "-1"]
[WhiteFideId "-1"]
[PlyCount "132"]
[GameId "2160767908410368"]
[EventDate "2017.07.06"]
[EventType "swiss"]
[EventRounds "7"]
[EventCountry "CAN"]
[SourceTitle "hb 2017"]

1. c4 Nf6 2. Nc3 g6 3. e4 d6 4. d4 Bg7 5. f4 O-O 6. Nf3 Bg4 7. Be2 Nfd7 8. Be3 c5 9. O-O Na6 10. d5 Nc7 11. Ne1 Bxe2 12. Qxe2 a6 13. a4 e5 14. f5 Rb8 15. a5 b5 16. axb6 Rxb6 17. Nd3 Rb7 18. Ra3 Qe7 19. b3 Rfb8 20. Nc1 Bf6 21. Qd2 Rb4 22. g4 g5 23. Rf3 h6 24. Rh3 Bg7 25. Rg3 f6 26. N3a2 R4b7 27. Qc3 Bf8 28. Nd3 Kf7 29. Rg2 Ra8 30. Rb2 Rab8 31. Ra5 Qd8 32. b4 Be7 33. Rc2 Nxd5 34. cxd5 cxb4 35. Naxb4 Qxa5 36. Ra2 Qb5 37. Nc6 Qb1+ 38. Nc1 Qxe4 39. Nxb8 Qxg4+ 40. Kf1 Qxf5+ 41. Rf2 Qh3+ 42. Kg1 Nxb8 43. Qd3 Kg7 44. Rg2 Qh4 45. Bf2 Qa4 46. h4 Qb5 47. hxg5 Qxd3 48. gxf6+ Kf7 49. Nxd3 Bxf6 50. Rh2 Rb1+ 51. Kg2 Bg5 52. Bh4 Rb5 53. Bxg5 hxg5 54. Rh7+ Kg6 55. Rh8 Rxd5 56. Nxe5+ dxe5 57. Rxb8 Kf5 58. Rf8+ Kg4 59. Rf2 a5 60. Ra2 e4 61. Re2 Rd4 62. Ra2 a4 63. Ra3 Kf4 64. Kf2 e3+ 65. Rxe3 Rd2+ 66. Re2 Rxe2+ 0-1

[Event "CYCC U12"]
[Site "Sault Ste Marie CAN"]
[Date "2017.07.08"]
[Round "5.57"]
[White "Craciun, David"]
[Black "Doknjas, Neil"]
[Result "0-1"]
[WhiteElo "1617"]
[BlackElo "1844"]
[WhiteFideId "-1"]
[WhiteFideId "-1"]
[PlyCount "210"]
[GameId "2160767908410369"]
[EventDate "2017.07.06"]
[EventType "swiss"]
[EventRounds "7"]
[EventCountry "CAN"]
[SourceTitle "hb 2017"]

1. d4 d5 2. e3 e6 3. Bd3 Nf6 4. f4 b6 5. c3 c5 6. Nf3 Bb7 7. O-O Be7 8. Ne5 Nbd7 9. Nd2 Nxe5 10. fxe5 Nd7 11. e4 Bg5 12. Qg4 O-O 13. exd5 Bxd5 14. Nf3 Bxc1 15. Raxc1 f5 16. exf6 Nxf6 17. Qh3 Bxf3 18. Qxe6+ Kh8 19. Rxf3 cxd4 20. c4 Qc8 21. Qe5 Qc5 22. Qe2 Rae8 23. Qf2 Re3 24. Rf1 Kg8 25. Qh4 Rxf3 26. Rxf3 Qe5 27. h3 Re8 28. Qf2 a6 29. Rf4 Rd8 30. Rf3 b5 31. b3 b4 32. Qd2 a5 33. Bc2 Re8 34. Bd3 Nd7 35. Rf5 Qg3 36. Rf3 Qd6 37. Qf4 Ne5 38. Rf2 Qd7 39. Be4 Qe7 40. Bd5+ Kh8 41. Qxd4 h6 42. Re2 Qg5 43. Bc6 h5 44. Re3 Re6 45. Qe4 Nf3+ 46. Rxf3 Rxe4 47. Rf8+ Kh7 48. Bxe4+ g6 49. Bd5 Qe3+ 50. Rf2 g5 51. Bf3 Kg6 52. g4 hxg4 53. Bxg4 Qg3+ 54. Kf1 Qd3+ 55. Kg2 Qe4+ 56. Kg1 Qe3 57. Kg2 Qa7 58. Kf1 a4 59. bxa4 Qxa4 60. Kg2 Qa3 61. Kh2 Qc3 62. Kg2 Qxc4 63. Kg1 Qc3 64. Kg2 Kg7 65. Kh2 Qe3 66. Kg2 Kg6 67. Kg1 Qg3+ 68. Kf1 Kg7 69. Ke2 Qg1 70. Be6 Qb1 71. Bf7 Qe4+ 72. Kd2 Qd4+ 73. Ke2 Kf8 74. Bb3+ Ke7 75. Kf1 Kd6 76. Kg2 Qe4+ 77. Kg3 Ke5 78. Kh2 Kd4 79. Rg2 Qf4+ 80. Rg3 Qf1 81. Rxg5 Ke3 82. Rg8 Qf4+ 83. Kg1 Qf2+ 84. Kh1 Qf3+ 85. Kg1 Qxh3 86. Re8+ Kd2 87. Re6 Qg3+ 88. Kf1 Kd3 89. Re1 Qh2 90. Re6 Kd2 91. Rg6 Qf4+ 92. Kg1 Qd4+ 93. Kh2 Qe5+ 94. Kg1 Qd4+ 95. Kh2 Qh4+ 96. Kg1 Ke3 97. Re6+ Kf4 98. Rd6 Qg4+ 99. Kf1 Qf3+ 100. Kg1 Qe3+ 101. Kf1 Qc1+ 102. Kg2 Qb2+ 103. Kh1 Kf3 104. Rd3+ Kf2 105. Rd8 Qc1+ 0-1

[Event "CYCC U12"]
[Site "Sault Ste Marie CAN"]
[Date "2017.07.08"]
[Round "5.58"]
[White "Liu, Harry"]
[Black "Zhao, Jonathan"]
[Result "1/2-1/2"]
[WhiteElo "1734"]
[BlackElo "1692"]
[WhiteFideId "-1"]
[WhiteFideId "-1"]
[PlyCount "36"]
[GameId "2160767908410370"]
[EventDate "2017.07.06"]
[EventType "swiss"]
[EventRounds "7"]
[EventCountry "CAN"]
[SourceTitle "hb 2017"]

1. d4 d5 2. Nf3 Nf6 3. Bf4 Bf5 4. e3 e6 5. Bd3 Nbd7 6. O-O Ne4 7. Bxe4 Bxe4 8. Nbd2 Bf5 9. Re1 Nf6 10. Ne5 Bd6 11. Bg3 O-O 12. c3 Nd7 13. Nxd7 Qxd7 14. Bxd6 Qxd6 15. Qb3 Rab8 16. Rac1 c6 17. c4 Rfe8 18. Red1 Qe7 1/2-1/2

[Event "CYCC U12"]
[Site "Sault Ste Marie CAN"]
[Date "2017.07.08"]
[Round "5.59"]
[White "Xiang, Christopher"]
[Black "Wu, Tony (Dongze)"]
[Result "0-1"]
[WhiteElo "1271"]
[BlackElo "1734"]
[WhiteFideId "-1"]
[WhiteFideId "-1"]
[PlyCount "44"]
[GameId "2160767908410371"]
[EventDate "2017.07.06"]
[EventType "swiss"]
[EventRounds "7"]
[EventCountry "CAN"]
[SourceTitle "hb 2017"]

1. e4 c5 2. Nf3 d6 3. d4 cxd4 4. Nxd4 Nf6 5. Nc3 g6 6. Be3 Bg7 7. f3 O-O 8. Qd2 Nc6 9. O-O-O d5 10. Qe1 e5 11. Nxc6 bxc6 12. exd5 Nxd5 13. Bc5 Qg5+ 14. Kb1 Rd8 15. Ne4 Qf5 16. c4 Be6 17. g4 Qxf3 18. cxd5 Qxh1 19. Ng3 Qxh2 20. dxe6 Rxd1+ 21. Qxd1 Qxg3 22. e7 Bf6 0-1